LIBRARY & INFORMATION CENTRE, KCAET, TAVANUR

ONLINE PUBLIC ACCESS CATALOGUE (OPAC)

Theory and problems of operations research / (Record no. 9674)

MARC details
000 -LEADER
fixed length control field 00533cam a2200181ua 4500
020 ## - INTERNATIONAL STANDARD BOOK NUMBER
ISBN 0-07-099075-1
041 ## - LANGUAGE CODE
Language code of text/sound track or separate title eng
082 ## - DEWEY DECIMAL CLASSIFICATION NUMBER
Classification number 658.4034
Item number BRO/OP
100 ## - MAIN ENTRY--AUTHOR NAME
Personal name Bronsen, Richard .
245 ## - TITLE STATEMENT
Title Theory and problems of operations research /
260 ## - PUBLICATION, DISTRIBUTION, ETC. (IMPRINT)
Place of publication Singapore :
Name of publisher McGraw-Hill International Book Company ,
Year of publication 1983.
300 ## - PHYSICAL DESCRIPTION
Number of Pages 328 ; .
490 0# - SERIES STATEMENT
Series statement Schaum`s outline series,
Volume number/sequential designation
942 ## - ADDED ENTRY ELEMENTS (KOHA)
Koha item type Books
Holdings
Withdrawn status Lost status Damaged status Home library Current library Date acquired Full call number Accession Number Koha item type
      KAUAET KAUAET 07/04/2012 658.4034 BRO/OP 16862 Books
free website counter